000 00755nam a2200241Ia 4500
003 OSt
005 20220926011101.0
006 a|||||r|||| 00| 0
007 ta
008 220923b |||||||| |||| 00| 0 eng d
020 _a0136120784
_c
_ 19.95
037 _b30432dt, 09/01/1986, IBD
_cGeneral Book
040 _aRTL
_cRTL
_beng
041 _2eng
_aeng
082 _aX:54.420m73.N8, M5
100 _aKotler Philip et al
_9313556
245 0 _aNew competition
_b What theory Z did't tell you abo
260 _aNew Jersey
_bPrentice Hall USA
_c1985
300 _axii,292p.
_ccm.
650 _aTrade
942 _hX:54.420m73.N8, M5
_cGB
_2CC
999 _c619102
_d619102